000 00501nam a2200157Ia 4500
008 240729s9999 xx 000 0 und d
022 _a2685-9432
245 0 _aInternational Journal of Applied Sciences and Smart Technologies
260 _aIndonesia
260 _bUniversitas Sanata Dharma
650 _a Engineering (General). Civil engineering (General)
650 _aScience | Technology
856 _uhttps://doaj.org/toc/0e8b3a71f70d4b3c80045de3f1c79a57
942 _2ddc
942 _cDOAJEJ
999 _c66798
_d66798
945 _a1
_bMadushi Gamage
_c1
_dMadushi Gamage